Statistické údaje o vývoji zahraničního obchodu ČR.

Vývoj zahraničného obchodu Českej republiky za prvých 9 mesiacov roku 1992. Dovoz, vývoz. Údaje štatistické.

Na minha lista:
Detalhes bibliográficos
Formato: Capítulo de Livro
Idioma:tcheco
Assuntos:
Tags: Adicionar Tag
Sem tags, seja o primeiro a adicionar uma tag!

MARC

LEADER 00000naa a2200000 4500
001 r011639
005 20220826094911.5
041 0 |a cze 
044 |a [CS] 
245 1 0 |a Statistické údaje o vývoji zahraničního obchodu ČR. 
520 |a Vývoj zahraničného obchodu Českej republiky za prvých 9 mesiacov roku 1992. Dovoz, vývoz. Údaje štatistické. 
610 2 0 |a obchod zahraničný 
610 2 0 |a dovoz 
610 2 0 |a vývoz 
610 2 0 |a Čechy 
610 2 0 |a údaje štatistické 
610 2 0 |a 1992